Score 0/24 Timer 02:00
0 Plays Today
% Correct
Ozu Yasujiro
75%
Michelangelo Antonioni
75%
Ingmar Bergman
62.5%
Lars von Trier
57.1%
Guillermo Del Toro
55.4%
Hou Hsaio Hsien
55.4%
Wong Kar Wai
55.4%
Jacques Tati
53.6%
Manoel De Oliveira
51.8%
Michael Haneke
51.8%
Pedro Almodovar
51.8%
Alexsi German
51.8%
% Correct
Abbas Kiarostami
50%
Mike Leigh
50%
F.W. Murnau
48.2%
Alejandro Jodorowsky
44.6%
Michael Snow
42.9%
Jim Sheridan
42.9%
Peter Weir
39.3%
Jonas Mekas
37.5%
Lynne Ramsay
37.5%
Chantal Akerman
35.7%
Jean-Luc Godard
32.1%
Barbara Loden
23.2%
Remove Ads.
Support Sporcle.
Get the best of Sporcle when you Go Orange. This ad-free experience offers more features, more stats, and more fun while also helping to support Sporcle. Thank you for becoming a member.

You're not logged in!

Compare scores with friends on all Sporcle quizzes.
OR
Log In

Show Comments

Extras

Top Quizzes Today


Score Distribution

Your Account Isn't Verified!

In order to create a playlist on Sporcle, you need to verify the email address you used during registration. Go to your Sporcle Settings to finish the process.

Report this User

Report this user for behavior that violates our Community Guidelines.

Details: